000 00805cam a2200265 i 4500
999 _c200435026
_d53238
001 200435026
003 TR-AnTOB
005 20220215001224.0
007 ta
008 190104s2011 tu 000 0 tur d
040 _aT9K
_beng
_erda
_cT9K
_dTR-AnTOB
041 0 _atur
050 0 4 _aPL234.K65
_bA9 2011
090 _aPL234.K65
_bA9 2011
100 1 _aKöktürk, Müşerref Rasim
_d1928-
_eauthor
_9123703
245 1 0 _aAy mavisi :
_bşiirler 1959-2010 /
_cMüşerref R. Köktürk.
264 1 _aAnkara :
_b[publisher not identified],
_c2011.
300 _a256 pages :
_billustrations ;
_c20 cm.
336 _atext
_btxt
_2rdacontent.
337 _aunmediated
_bn
_2rdamedia.
338 _avolume
_bnc
_2rdacarrier.
650 7 _aTürk şiiri
_2etuturkob
_984273
942 _2lcc
_cBK